Les 20 morceaux les plus écoutées sur Spotify - Statistiques

Statistiques générales
  • Ce quiz a été pris 44 fois
  • Le résultat moyen est 6 sur 20
Statistiques - réponses
Rang Titre Artiste(s) Nb d'écoutes % Correct
2 Shape of you Ed Sheeran 4 349 M
83%
1 Blinding Lights The Weekend 4 828 M
63%
5 As it was Harry Styles 3 867 M
53%
9 STAY The Kid LAROI feat Justin Bieber 3 544 M
43%
15 Dance Monkey Tones and I 3 256 M
40%
11 Believer Imagine Dragons 3 422 M
38%
13 lovely Billie Eilish feat Khalid 3 301 M
35%
4 Starboy The Weekend feat Daft Punk 3 881 M
35%
19 Riptide Vance Joy 3 088 M
30%
3 Someone you loved Lewis Capaldi 3 895 M
30%
8 One Dance Drake feat Wizkid et Kyla 3 624 M
25%
6 Sunflower Post Malone feat Swae Lee 3 806 M
25%
10 Perfect Ed Sheeran 3 423 M
23%
12 Heat Waves Glass Animals 3 374 M
20%
17 rockstar Post Malone feat 21 Savage 3 171 M
20%
7 Sweater Weather The Neighbourhood 3 757 M
18%
14 Closer The Chainsmokers feat Halsey 3 256 M
13%
18 Something Just Like This The Chainsmokers feat Coldplay 3 143 M
13%
20 I Wanna Be Yours Arctic Monkeys 3 020 M
10%
16 Say You Won't Let Go James Arthur 3 250 M
8%
Aucun quiz correspondant
Distribution des résultats
% des personnes avec chaque résultat
Percentile par nombre de réponses
Votre historique - résultats
Vous n’avez pas pris ce quiz